|
|
|
|
| LEADER |
00000nam a2200000 a 4500 |
| 005 |
20120112145225.0 |
| 007 |
cr ||||||||||| |
| 008 |
110517s2008 sp ||||fs|||||0|| 0 spa|c |
| 020 |
|
|
|a 9788498492330
|
| 035 |
|
|
|a 2726
|
| 040 |
|
|
|d vLex
|
| 090 |
|
|
|c 2917
|d 2917
|
| 100 |
1 |
|
|a Trillo Navarro, Jess︢ Pr̤filo
|
| 245 |
1 |
0 |
|a Delitos econm̤icos
|h [Recurso electrn̤ico] :
|b la respuesta penal a los rendimientos de la delincuencia econm̤ica /
|c Jess︢ Pr̤filo Trillo Navarro
|
| 256 |
|
|
|a Servicio en ln̕ea
|
| 260 |
|
|
|a Madrid :
|b Dykinson,
|c 2008
|
| 300 |
|
|
|a 1 recurso electrn̤ico (252 p.)
|
| 500 |
|
|
|a La verdadera eficacia del Derecho Penal no se agota en la restauracin̤ de la vigencia de la norma desobedecida y quebrantada por el delito mediante la retribucin̤ que el castigo punitivo representa, ni en la restauracin̤, reparacin̤ del daǫ o la indemnizacin̤ de los perjuicios materiales y morales ocasionadas al sujeto pasivo vc̕tima y perjudicados-artc̕ulo 110 CP-, como tampoco en la reeducacin̤ y reinsercin̤ social del delincuente-artc̕ulo 25.2 CE- o la prevencin̤ esencial y general asignadas como funciones conminatoria y educativa a la pena. Si bien štas pueden ser admitidas como objeto y finalidad principal de la sancin̤ penal, la sociedad del Estado Social y Democrt̀ico de Derecho y de la Globalizacin̤ demanda otros fines y efectos a un Derecho Penal en el que no sl̤o la vc̕tima directa, y perjudicados eventuales, de la infraccin̤ sean objeto de atencin̤ procesal, proteccin̤ y resarcimiento, sino que ms̀ all ̀de štas funciones tradicionales debe tener por finalidad el restablecimiento del equilibrio econm̤ico social roto por el delito a favor de sus responsables y terceros beneficiarios, y tanto sean de responsabilidad criminal-artc̕ulo 127.3 CP- o responsables civiles directos o subsidiarios, e incluso meros terceros participes lucrativos-articulo 122 CP-, sin desechar a priori la responsabilidad de ampliar šte efecto a los que sean a titulo oneroso-vr. Gr. Articulo 374.3 CP.
|
| 506 |
1 |
|
|a Contenido solo disponible en los productos indicados
|d vLex Global
|d vLex Global (Academic Edition, excluding Law Schools)
|d vLex Global (U.S. Academic Edition, Law Schools)
|d vLex Global (U.S. Academic Edition, excluding Law Schools)
|d vLex Global (Academic Edition, Law Schools)
|
| 650 |
|
4 |
|a Delitos econm̤icos
|z Espaą
|
| 650 |
|
4 |
|a Daǫs y perjuicios
|z Espaą
|
| 650 |
|
4 |
|a Derecho y economa̕
|
| 740 |
0 |
|
|a vLex Libros (Servicio en ln̕ea)
|
| 830 |
|
0 |
|a Estudios penales ;
|v 8
|
| 856 |
4 |
0 |
|z Acceso restringido
|u http://vlex.com/source/respuesta-penal-delitos-economicos-2726
|
| 942 |
|
|
|c BOOK
|
| 999 |
0 |
|
|a Commercial crimes
|
| 999 |
0 |
|
|a Criminal law
|